00610nam a22001697a 4500003000900000008004100009040007100050082002600121100002000147245004200167260004100209300003000250505008600280650002600366650002500392700002300417AR-CdUCM190328b ||||| |||| 00| 0 spa d aMUNICIPALIDAD PROVINCIAL DEL CUSCOcBIBLIOTECA MUNICIPAL DEL CUSCO a813.09 /bV28N / 1942 aVan Doren, Carl aLa novela norteamericana 1789-1939 /  aBuenos Aires :bSudamericana,c1942. a435 páginas ;c20.5 cm. aContenido: Comienzos de ficción -- Novelas de aventura -- Sangre y lagrimas ... aNovela estadounidense aHistoria y crítica aIbarzábal, Pedro